Bức thư bí mật của cụ Huỳnh Thúc Kháng trả lời cụ Kỳ Ngoại Hầu Cường Để năm 1943
Lịch trình Cách mạng Việt Nam trong thời kỳ Pháp thuộc
Đã lưu trong:
| Príomhúdar: | |
|---|---|
| Formáid: | Leabhar |
| Teanga: | Undetermined |
| Foilsithe: |
Huế
Anh Minh
1957
|
| Ábhair: | |
| Clibeanna: |
Cuir Clib Leis
Gan Chlibeanna, Bí ar an gcéad duine leis an taifead seo a chlibeáil!
|
| Thư viện lưu trữ: | Trung tâm Học liệu Trường Đại học Cần Thơ |
|---|
| LEADER | 00671nam a2200181Ia 4500 | ||
|---|---|---|---|
| 001 | CTU_11035 | ||
| 008 | 210402s9999 xx 000 0 und d | ||
| 082 | |a 959.7043 | ||
| 082 | |b Kh106 | ||
| 100 | |a Huỳnh Thúc Kháng | ||
| 245 | 0 | |a Bức thư bí mật của cụ Huỳnh Thúc Kháng trả lời cụ Kỳ Ngoại Hầu Cường Để năm 1943 | |
| 245 | 0 | |c Huỳnh Thúc Kháng | |
| 260 | |a Huế | ||
| 260 | |b Anh Minh | ||
| 260 | |c 1957 | ||
| 520 | |a Lịch trình Cách mạng Việt Nam trong thời kỳ Pháp thuộc | ||
| 650 | |a vietnam - history - 20th century | ||
| 980 | |a Trung tâm Học liệu Trường Đại học Cần Thơ | ||